[Event "IV Niterói Chess Open 2024"]
[Site "Rio de Janeiro"]
[Date "2024.08.30"]
[Round "4"]
[Board "28"]
[White "Guimaraes, Wagner Peixoto"]
[Black "Borensztajn, David"]
[Result "1-0"]
[WhiteElo "2119"]
[BlackElo "1729"]
[Annotator "Chessbase"]
[PlyCount "45"]
[EventDate "2024.08.28"]
[EventRounds "7"]
[EventCountry "BRA"]

1. g3 f5 2. Bg2 g6 3. d3 Bg7 4. Nc3 Nf6 $146 ({RR} 4... e5 5. e4 fxe4 6. dxe4 Nc6 7. f4 Nge7 8. Nf3 d6 9. O-O O-O 10. Be3 Bg4 11. Qd2 Qd7 12. Rad1 Rad8 13. Rf2 Kh8 14. Rdf1 a6 15. Ng5 h6 16. Nf3 Kh7 17. Nh4 exf4 18. gxf4 Bf6 19. Nf3 {0-1 Skaric,D (2297)-Postnikov,D (2360) Titled Tue 2nd Jan Early 2024 (6)}) 5. e4 fxe4 6. dxe4 e5 7. Nf3 d6 8. O-O O-O 9. h3 Qe8 10. Be3 h6 11. Nh4 Nc6 12. Qd2 Kh7 13. f4 Nh5 14. f5 gxf5 15. exf5 Nxg3 16. f6 Nxf1 17. Qd3+ Kg8 18. fxg7 Kxg7 19. Rxf1 Rxf1+ 20. Qxf1 Qh5 21. Qf2 Be6 22. Qg3+ Kf7 23. Bf3 1-0

[Event "IV Niterói Chess Open 2024"]
[Site "Rio de Janeiro"]
[Date "2024.08.31"]
[Round "5"]
[Board "16"]
[White "Chaves, Jorge Antonio Torres"]
[Black "Moura, Eduardo Eugenio Chaves"]
[Result "0-1"]
[WhiteElo "1924"]
[BlackElo "2056"]
[Annotator "Chessbase"]
[PlyCount "85"]
[EventDate "2024.08.28"]
[EventRounds "7"]
[EventCountry "BRA"]

1. b4 d5 2. Bb2 Qd6 3. a3 e5 4. e3 Be6 5. Nf3 f6 6. d3 Nd7 7. Nbd2 Nh6 8. c4 c6 9. e4 $146 ({RR} 9. Be2 Be7 10. O-O O-O 11. Qc2 Rac8 12. Rac1 Qb8 13. Qb1 Nf7 14. cxd5 cxd5 15. Rxc8 Rxc8 16. Rc1 Nb6 17. Bd1 Nd8 18. Bb3 Bf7 19. Kf1 Bd6 20. Ng1 Rc7 21. Ne2 Qc8 22. Rxc7 Qxc7 23. Nc3 Qd7 {0-1 Minaya Molano,J (2278)-Kovacevic,S (2367) Calvia op 1st 2004 (6)}) 9... d4 10. c5 Qc7 11. Be2 Nf7 12. O-O g6 13. Nh4 Bh6 14. Nb3 O-O 15. Bg4 Bxg4 16. Qxg4 Kh8 17. g3 Rg8 18. Bc1 Bxc1 19. Raxc1 Raf8 20. Qe2 Ng5 21. Kg2 Ne6 22. Nd2 f5 23. Kh1 f4 24. Nc4 Rf6 25. Rg1 Rgf8 26. Rcf1 Qd8 27. f3 Qe7 28. Qg2 b6 29. cxb6 axb6 30. g4 Rc8 31. g5 Rff8 32. Qh3 Qg7 33. Qg4 b5 34. Nd2 Qf7 35. Rc1 c5 36. Ng2 Rc7 37. h4 Rfc8 38. h5 c4 39. hxg6 hxg6 40. Nh4 Kg7 41. dxc4 bxc4 42. Rg2 c3 43. Nb3 0-1

[Event "IV Niterói Chess Open 2024"]
[Site "Rio de Janeiro"]
[Date "2024.08.30"]
[Round "4"]
[Board "13"]
[White "Baptista, Andre Kemper"]
[Black "Costa, Carlos Evanir"]
[Result "0-1"]
[WhiteElo "1913"]
[BlackElo "2190"]
[Annotator "Chessbase"]
[PlyCount "72"]
[EventDate "2024.08.28"]
[EventRounds "7"]
[EventCountry "BRA"]

1. e4 c5 2. Nf3 d6 3. d3 Nc6 4. g3 g6 5. Bg2 Bg7 6. O-O e5 7. Nbd2 Nge7 8. a4 O-O 9. Nc4 h6 10. c3 Be6 11. Be3 ({RR} 11. Re1 Qd7 12. Nfd2 f5 13. exf5 gxf5 14. f4 exf4 15. gxf4 d5 16. Ne5 Nxe5 17. fxe5 Nc6 18. Nf3 f4 19. d4 cxd4 20. cxd4 Rae8 21. Ra3 Bg4 22. Qd2 Re6 23. Qf2 Rg6 24. Kh1 Qe6 25. Nh4 Rg5 {½-½ Yuffa,D (2527)-Alekseev,E (2622) RUS-ch blitz 2017 (5)}) 11... b6 ({RR} 11... f5 12. Qe2 f4 13. Bd2 g5 14. Ne1 Qd7 15. f3 h5 16. Qf2 Ng6 17. Bh1 Rf7 18. h4 g4 19. fxg4 fxg3 20. Qxg3 Rxf1+ 21. Kxf1 Rf8+ 22. Ke2 hxg4 23. Bg5 Bf6 24. Nc2 Bxg5 25. hxg5 Qe7 26. N2e3 {0-1 Lohan,M (1826)-Barreto,I (2059) World Senior Teams +65 2024 (2.2)}) 12. Nfd2 d5 13. exd5 Bxd5 $146 ({RR} 13... Nxd5 14. Qe2 Rc8 15. Rad1 Qd7 16. Rfe1 Rce8 17. f3 Nxe3 18. Nxe3 Kh7 19. Ndc4 f5 20. Nc2 Bd5 21. N2a3 Rd8 22. Qc2 Rfe8 23. Nb5 Re6 24. Ne3 Ne7 25. Nxd5 Nxd5 26. Na3 Nf6 27. Nc4 Rde8 28. Re2 {0-1 Gretarsson,A (2268)-Ulfarsson,M (2357) ISL-ch Blitz 2020 (9)}) 14. Bxd5 Qxd5 15. Qe2 Rfd8 16. f4 Qxd3 17. Qxd3 Rxd3 18. fxe5 Nxe5 19. Nxe5 Bxe5 20. Nc4 Bg7 21. Rae1 Nf5 22. Bf4 h5 23. Re4 Rad8 24. Rfe1 Rd1 25. Re8+ Rxe8 26. Rxd1 Re4 27. Rd8+ Kh7 28. Nd2 Rxa4 29. Rd7 Kg8 30. Bb8 Ra1+ 31. Kf2 Ra2 32. Bxa7 Rxb2 33. Kf3 Bxc3 34. Nc4 Rxh2 35. Bxb6 Bd4 36. Rc7 Rf2+ 0-1

[Event "IV Niterói Chess Open 2024"]
[Site "Rio de Janeiro"]
[Date "2024.08.28"]
[Round "1"]
[Board "2"]
[White "Dos Santos, Leonardo Lopes"]
[Black "Quintiliano, Renato R."]
[Result "0-1"]
[WhiteElo "1860"]
[BlackElo "2499"]
[Annotator "Chessbase"]
[PlyCount "92"]
[EventDate "2024.08.28"]
[EventRounds "7"]
[EventCountry "BRA"]

1. e4 c5 2. Nf3 d6 3. g3 Nf6 4. d3 g6 5. Bg2 Bg7 6. O-O O-O 7. Re1 Nc6 8. c3 e5 9. d4 exd4 ({RR} 9... cxd4 10. cxd4 Bg4 11. d5 Nd4 12. Nbd2 Rc8 13. Rb1 Qd7 14. b3 Rc2 15. h3 Bxf3 16. Nxf3 Nxf3+ 17. Qxf3 Rxa2 18. Bg5 Ne8 19. Ra1 Rxa1 20. Rxa1 a6 21. Rc1 f5 22. Qe3 Qf7 23. Qb6 h6 24. Bd2 {½-½ Barwinska,E (1996)-Deutschmann,M (2134) Wroclaw Open A 2023 (4.20)}) 10. cxd4 Bg4 11. d5 ({RR} 11. dxc5 dxc5 12. Nbd2 Re8 13. h3 Bxf3 14. Qxf3 Nd7 15. Nc4 Nde5 16. Nxe5 Nxe5 17. Qe2 Nd3 18. Rd1 c4 19. Rb1 Qa5 20. b3 Nxc1 21. Rbxc1 cxb3 22. axb3 {½-½ Stukopin,A (2423)-Chadaev,N (2569) Moscow-ch final 2010 (2)}) 11... Nd4 12. Qd3 $146 ({RR} 12. Nc3 Nd7 13. Be3 Qf6 14. Bxd4 cxd4 15. Nb5 Ne5 16. Nbxd4 Rac8 17. Rb1 Rc4 18. Qb3 Nxf3+ 19. Bxf3 Bxf3 20. Nxf3 Rfc8 21. e5 dxe5 22. Nxe5 Rc2 23. Qe3 Qd6 24. Nd3 a5 25. Qe4 Bf6 26. Rbc1 Rxc1 {1-0 Teleshinin,O (2073)-Sakhvadze,G Moscow-ch op sf 2007 (4)}) ({RR} 12. h3 Nxf3+ 13. Bxf3 Bxh3 14. e5 dxe5 15. Rxe5 Nd7 16. Re1 Ne5 17. Nc3 Qd7 18. Bh1 Rfe8 19. Bf4 Bg4 20. f3 Nxf3+ {0-1 Bednar,J (2082)-Cerveny,M (2297) CZE-chT1E 0607 2006 (2.6)}) 12... Nd7 13. Nxd4 Bxd4 14. h3 Ne5 15. Qc2 Bf3 16. Be3 f5 17. Nd2 Bxg2 18. Kxg2 Bxe3 19. fxe3 Qd7 20. Rf1 Qb5 21. Qb3 a6 22. Rae1 Nd3 23. Rb1 Rae8 24. Qd1 fxe4 25. Rxf8+ Rxf8 26. Nxe4 Qc4 27. Nc3 Rf2+ 28. Kg1 Rxb2 29. Rxb2 Nxb2 30. Qc2 Nd3 31. a4 b5 32. axb5 axb5 33. g4 b4 34. Qa4 Ne5 35. Qe8+ Kg7 36. Qe7+ Nf7 37. Ne4 Qc1+ 38. Kg2 Qb2+ 39. Kf1 Qe5 40. Qxe5+ Nxe5 41. Nxd6 b3 42. Ne4 b2 43. Nc3 Nc4 44. Ke2 Na3 45. Kd3 Kf6 46. e4 Ke5 0-1

[Event "IV Niterói Chess Open 2024"]
[Site "Rio de Janeiro"]
[Date "2024.08.29"]
[Round "2"]
[Board "21"]
[White "Baptista, Andre Kemper"]
[Black "Da Silva, Lucas Pereira Mendes"]
[Result "1/2-1/2"]
[WhiteElo "1913"]
[BlackElo "2088"]
[Annotator "Chessbase"]
[PlyCount "46"]
[EventDate "2024.08.28"]
[EventRounds "7"]
[EventCountry "BRA"]

1. e4 c5 2. Nf3 d6 3. d3 g6 4. g3 Bg7 5. Bg2 Nc6 6. O-O Nf6 7. Nbd2 O-O 8. a4 Rb8 9. Nc4 Be6 ({RR} 9... d5 10. exd5 Nxd5 11. Bd2 Nd4 12. Nxd4 cxd4 13. Re1 b6 14. Qc1 Bb7 15. Bh6 Qd7 16. Bxg7 Kxg7 17. Ne5 Qd6 18. Nc4 Qc7 19. Qd2 f6 20. Re6 Rf7 21. Rae1 Qd7 22. a5 b5 23. Na3 a6 24. Qe2 {0-1 Mukhtarova,V (1978)-Tomilova,E (2209) Yialos Rapid 2023 (3.12)}) 10. Nfd2 ({RR} 10. Ne3 a6 11. Ng5 Bd7 12. f4 b5 13. axb5 axb5 14. Kh1 Qc7 15. Bd2 b4 16. b3 Nd4 17. Rc1 Ra8 18. f5 Ra2 19. g4 Bb5 20. Rg1 Rfa8 21. Nf3 Nd7 22. Nd5 Qd8 23. Bg5 Nf6 24. Bxf6 Bxf6 {0-1 Kasimdzhanov,R (2700)-Radjabov,T (2724) Wch Blitz 8th 2014 (15)}) 10... Qd7 $146 ({RR} 10... d5 11. exd5 Bxd5 12. Bxd5 Qxd5 13. Ne3 Qd7 14. f4 {½-½ Dawson,A-Payne,N (2101) Coventry op 2005 (9)}) 11. f4 d5 12. Ne3 dxe4 13. Nxe4 Nxe4 14. dxe4 Qc8 15. c3 f6 16. f5 Bf7 17. Nd5 e6 18. fxe6 Qxe6 19. Be3 b6 20. Bf4 Rbd8 21. Qc2 Kh8 22. Rad1 Bg8 23. Be3 Ne5 1/2-1/2

[Event "IV Niterói Chess Open 2024"]
[Site "Rio de Janeiro"]
[Date "2024.09.01"]
[Round "7"]
[Board "17"]
[White "Kanzler, Karina Daniela Ferreira"]
[Black "Okamura, Milton Kasuo"]
[Result "0-1"]
[WhiteElo "1874"]
[BlackElo "2004"]
[Annotator "Chessbase"]
[PlyCount "90"]
[EventDate "2024.08.28"]
[EventRounds "7"]
[EventCountry "BRA"]

1. Nf3 d5 2. b3 Bf5 3. Bb2 e6 4. e3 h6 5. d3 Nf6 6. Be2 Be7 7. Nbd2 O-O 8. O-O Nbd7 9. Re1 c6 10. Nf1 a5 $146 ({RR} 10... Qc7 11. Ng3 Bh7 12. Nd2 Bd6 13. d4 e5 14. dxe5 Bxe5 15. Bxe5 Nxe5 16. f4 Ned7 17. Bd3 Nc5 18. Bxh7+ Kxh7 19. Qf3 Rfe8 20. e4 Ncxe4 {½-½ Nonnenmacher,T-Schwarzburger,L Oberliga Wuerttemberg 8788 1987}) 11. Ng3 Bh7 12. Bf1 a4 13. Rc1 axb3 14. axb3 Bb4 15. c3 Ra2 16. Ba1 Bd6 17. e4 Bxg3 18. hxg3 dxe4 19. dxe4 Nxe4 20. Re2 Rxa1 21. Rxa1 Nxc3 22. Qd4 Nxe2+ 23. Bxe2 Qc7 24. Qh4 Nf6 25. Bc4 Be4 26. Nh2 Bd5 27. Bd3 Bxb3 28. Nf3 Bd5 29. Nh2 b5 30. g4 Qf4 31. g3 Qd2 32. g5 Qxg5 33. Qb4 e5 34. Qd6 e4 35. Be2 Re8 36. Nf1 Qe5 37. Qa3 b4 38. Qc1 Rb8 39. Ne3 b3 40. Ra7 b2 41. Qb1 Qc3 42. Nc2 Bb3 43. Bd1 Bxc2 44. Bxc2 e3 45. Kf1 Qxc2 0-1

[Event "IV Niterói Chess Open 2024"]
[Site "Rio de Janeiro"]
[Date "2024.08.29"]
[Round "3"]
[Board "17"]
[White "Kanzler, Karina Daniela Ferreira"]
[Black "Baptista, Andre Kemper"]
[Result "0-1"]
[WhiteElo "1874"]
[BlackElo "1913"]
[Annotator "Chessbase"]
[PlyCount "72"]
[EventDate "2024.08.28"]
[EventRounds "7"]
[EventCountry "BRA"]

1. Nf3 d5 2. b3 e6 3. Bb2 Nf6 4. e3 Be7 5. Be2 O-O 6. O-O Nbd7 7. d3 b6 8. Nbd2 Bb7 9. Ne5 Nxe5 10. Bxe5 Nd7 $146 ({RR} 10... Bd6) 11. Bb2 Bf6 12. Bxf6 Qxf6 13. d4 Rfc8 14. f4 c5 15. c3 cxd4 16. cxd4 Qf5 17. Rf3 Qc2 18. Qe1 Qb2 19. Bd3 Nf6 20. Nf1 Qc3 21. Qd1 Ne4 22. Rh3 Rc7 23. Rb1 Rac8 24. Bxe4 dxe4 25. Qh5 h6 26. Rg3 Kf8 27. f5 exf5 28. Qxf5 Qd3 29. Re1 Rc1 30. Qg4 Rxe1 31. Qxg7+ Ke7 32. Qe5+ Kd7 33. Qf5+ Kc7 34. Qe5+ Kc6 35. Qf6+ Kb5 36. Qe5+ Ka6 0-1

[Event "IV Niterói Chess Open 2024"]
[Site "Rio de Janeiro"]
[Date "2024.08.29"]
[Round "2"]
[Board "5"]
[White "De Oliveira, Yuri Garcia"]
[Black "Do Valle Cardoso, Lucas"]
[Result "0-1"]
[WhiteElo "1964"]
[BlackElo "2365"]
[Annotator "Chessbase"]
[PlyCount "98"]
[EventDate "2024.08.28"]
[EventRounds "7"]
[EventCountry "BRA"]

1. c4 {ChessBase} e6 2. Nf3 d5 3. e3 Nf6 4. Nc3 c6 5. b3 Bd6 6. Bb2 O-O 7. Be2 a6 ({RR} 7... dxc4 8. bxc4 e5 9. d3 ({RR} 9. d4 exd4 10. exd4 Re8) 9... Re8 10. O-O Bg4 11. Rb1 Nbd7 12. Ba1 Rb8 13. Qc2 Nc5 14. Rfd1 Qe7 15. h3 ({RR} 15. Nh4 Bxe2 16. Qxe2 Qe6) 15... Bf5 16. Nh4 Bd7 17. d4 exd4 18. exd4 Nce4 19. Bd3 Nxc3 20. Bxc3 Ne4 21. Re1 Qxh4 22. Bxe4 {1-0 Aronian,L (2783)-Gelfand,B (2741) Leon 23rd rapid 2010 (2.3)} ({RR} 22. Rxe4 Rxe4 23. Bxe4 Re8 24. Rxb7 Bxh3)) 8. d4 b6 $146 ({RR} 8... b5 9. Ne5 Bb7 10. cxd5 Nxd5 11. Nxd5 exd5 12. Rc1 Bc7 13. Bg4 Qd6 14. g3 f6 15. Nd3 f5 16. Be2 Nd7 17. Rc2 a5 18. O-O Qe7 19. Qd2 Bd6 20. Bf3 a4 21. Bc3 axb3 22. axb3 Ra3 23. Rb1 {1-0 Robatsch,K (2445)-Vaglio Munoz,J Olympiad-22 Haifa 1976 (12.1)}) ({RR} 8... Nbd7 9. O-O b6 10. Bd3 Bb7 11. Re1 Re8 12. Qc2 h6 13. Rad1 Qc7 14. h3 Rad8 15. e4 dxe4 16. Nxe4 Nxe4 17. Bxe4 c5 18. Bxb7 Qxb7 19. d5 exd5 20. Rxe8+ Rxe8 21. Rxd5 Bf8 22. Qd2 Re7 23. Nh4 {1-0 Santos Latasa,J (2612)-Korchmar,V (2438) Titled Tue 13th Feb Late 2024 (10)}) ({RR} 8... Nbd7 9. O-O Qe7 10. Qc2 e5 11. dxe5 Nxe5 12. cxd5 cxd5 13. Rad1 Be6 14. Nd4 Rac8 15. Nf5 Bxf5 16. Qxf5 Qe6 17. Qxe6 fxe6 18. e4 Neg4 19. g3 Be5 20. Rc1 dxe4 21. Na4 Bxb2 22. Nxb2 Ne5 23. Nc4 {½-½ Stanec,N (2516)-Sadilek,P (2275) Vienna Tschaturanga op 2013 (3)}) ({RR} 8... Nbd7 9. O-O Qe7 10. Qc2 Re8 11. Rfe1 dxc4 12. bxc4 e5 13. c5 Bc7 14. Rab1 e4 15. Nd2 b6 16. cxb6 Nxb6 17. f3 exf3 18. Bxf3 Bg4 19. Nce4 Bxf3 20. Nxf6+ Qxf6 21. Nxf3 Qe6 22. Bc3 Nc4 23. Qd3 {½-½ Beim,V (2480)-Soffer,R (2450) Rishon Le Ziyyon 1992 (12)}) 9. O-O Bb7 10. Bd3 c5 11. Qe2 dxc4 12. Bxc4 b5 13. dxc5 Bxc5 14. Rfd1 Nbd7 15. Bd3 Rc8 16. Rac1 Qe7 17. Ng5 Ba3 18. Nce4 h6 19. Nxf6+ Nxf6 20. Nf3 Rfd8 21. Rxc8 Rxc8 22. Bb1 Ne4 23. Bxe4 Bxe4 24. Ne1 Bxb2 25. Qxb2 Qc5 26. Qd2 Bd5 27. Nd3 Qc3 28. f3 a5 29. Qxc3 Rxc3 30. e4 Bc6 31. Rd2 Kf8 32. Kf2 a4 33. b4 Be8 34. Ne1 Ra3 35. Rc2 e5 36. Ke2 f6 37. Nd3 Bf7 38. Nc1 Bc4+ 39. Kd2 g5 40. Ke1 h5 41. Kf2 Ke7 42. Rd2 Rc3 43. Ne2 Ra3 44. Nc1 g4 45. Rc2 Kf7 46. Rd2 Kg6 47. Rc2 Kg5 48. Rxc4 bxc4 49. b5 Rc3 0-1

[Event "IV Niterói Chess Open 2024"]
[Site "Rio de Janeiro"]
[Date "2024.08.31"]
[Round "5"]
[Board "3"]
[White "Ribeiro, Matheus Mendes Domingues"]
[Black "Santiago, Yago De Moura"]
[Result "0-1"]
[WhiteElo "2244"]
[BlackElo "2455"]
[Annotator "Chessbase"]
[PlyCount "88"]
[EventDate "2024.08.28"]
[EventRounds "7"]
[EventCountry "BRA"]

1. c4 e6 2. Nf3 d5 3. g3 d4 4. Bg2 Nc6 5. d3 ({RR} 5. O-O Bc5 6. d3 Nf6 7. Bg5 h6 8. Bxf6 Qxf6 9. Nbd2 Qd8 10. Ne1 O-O 11. f4 a5 12. a3 a4 13. Nc2 Bd7 14. Qe1 Na5 15. Qf2 Bc8 16. Kh1 Ra6 17. Ne4 Ba7 18. Nb4 Rb6 19. Nc5 Rd6 {0-1 Duda,J (2724)-Carlsen,M (2853) Superbet Blitz 2023 (9.3)}) 5... Bb4+ ({RR} 5... Nge7 6. O-O Nf5 7. e4 dxe3 8. Bxe3 Nxe3 9. fxe3 e5 10. d4 e4 11. Nh4 Qg5 12. Qb3 g6 13. Bxe4 Bh6 14. Ng2 O-O 15. Nc3 Ne7 16. Rae1 c6 17. Bf3 Nf5 18. d5 cxd5 19. Bxd5 Qe7 20. Ne4 {½-½ Rodriguez Garcia,M (2130)-Merario Alarcon,A (2429) 35th Roquetas de Mar Open 2024 (7.19)}) 6. Bd2 $146 ({RR} 6. Nbd2 a5 7. a3 Bc5 8. Rb1 f5 9. O-O Nf6 10. b4 axb4 11. Nb3 Qd6 12. Nxc5 Qxc5 13. axb4 Nxb4 14. Nxd4 Qxd4 15. Rxb4 c6 16. Bb2 Qd6 17. Ra4 Rxa4 18. Qxa4 O-O 19. Qa5 c5 20. Bxf6 Rxf6 {1-0 Levin,G (2363)-Skaperdas,K (2177) Kavala op 31st 2022 (2)}) 6... a5 7. O-O Nf6 8. a3 Be7 9. Bg5 a4 10. Nbd2 O-O 11. Qc2 e5 12. e3 h6 13. Bxf6 Bxf6 14. exd4 exd4 15. b4 axb3 16. Nxb3 Na5 17. Nfd2 Nxb3 18. Qxb3 h5 19. h4 Ra6 20. Rfe1 g5 21. hxg5 Bxg5 22. Ne4 h4 23. Nxg5 Qxg5 24. Qb5 c5 25. gxh4 Qxh4 26. Re8 Qg5 27. Rxf8+ Kxf8 28. f4 Qe7 29. Rf1 Rxa3 30. Be4 f5 31. Qb2 Rc3 32. Bg2 Rxd3 33. Qb6 Kg7 34. Kh1 Rg3 35. Qa5 Bd7 36. Re1 Qh4+ 37. Kg1 Rxg2+ 38. Kxg2 Bc6+ 39. Kf1 Qxf4+ 40. Ke2 Bf3+ 41. Kd3 Be4+ 42. Rxe4 Qxe4+ 43. Kd2 Qe3+ 44. Kc2 Qc3+ 0-1

[Event "IV Niterói Chess Open 2024"]
[Site "Rio de Janeiro"]
[Date "2024.08.29"]
[Round "2"]
[Board "8"]
[White "Prado Oliveira, Fellipe"]
[Black "Filgueiras, Nathan Felipe"]
[Result "0-1"]
[WhiteElo "1947"]
[BlackElo "2316"]
[Annotator "Chessbase"]
[PlyCount "76"]
[EventDate "2024.08.28"]
[EventRounds "7"]
[EventCountry "BRA"]

1. Nf3 d5 2. g3 Nf6 3. Bg2 e6 4. O-O c5 5. c4 d4 6. b4 cxb4 7. a3 Nc6 8. e3 ({RR} 8. Qa4 Bd7 9. axb4 Nxb4 10. Qb3 Bc6 11. Bb2 d3 12. e3 a5 13. Ne5 Bxg2 14. Kxg2 Be7 15. Qa4+ Nd7 16. Bc3 f6 17. Bxb4 Bxb4 18. Nxd3 O-O 19. Qb5 Qc7 20. Nxb4 axb4 21. Rxa8 Rxa8 22. d4 Qc6+ {½-½ Carlsen,M (2859)-Vachier Lagrave,M (2736) chess.com SpeedChess 2022 (3.31)}) 8... bxa3 ({RR} 8... dxe3 9. fxe3 Qd3 10. axb4 Bxb4 11. Ne5 Nxe5 12. Qa4+ Bd7 13. Qxb4 Nxc4 14. Rf4 Nd5 15. Qxc4 Nxf4 16. Qxf4 O-O 17. Nc3 Bc6 18. Bxc6 bxc6 19. Qe4 Qd7 20. d4 c5 21. Ba3 Rfc8 22. Bxc5 a5 23. Na4 {1-0 Goh,Z (2306)-Goltseva,E (2303) Titled Tue 21st May Early 2024 (3)}) 9. Qa4 $146 ({RR} 9. Nxa3 Bc5 10. Nb5 O-O 11. Qb3 e5 12. exd4 exd4 13. d3 a6 14. Ba3 axb5 15. Bxc5 bxc4 16. Qxc4 Be6 17. Qb5 Rxa1 18. Rxa1 Re8 19. Qxb7 Bd5 20. Bb6 Qd6 21. Re1 Ne5 {0-1 Lopez Gonzalez,D (2271)-Rizouk,A (2511) Seville op 41st 2016 (9.10)}) ({RR} 9. Nxa3 Bc5 10. Bb2 O-O 11. Nb5 e5 12. Qb3 a6 13. Nxe5 Nxe5 14. exd4 Be6 15. dxe5 axb5 16. Rxa8 Qxa8 17. Qxb5 Qc8 18. Rc1 Bd7 19. Qb3 Ng4 20. d4 Be7 21. c5 h5 22. h3 Nh6 23. Bxb7 Qc7 {1-0 Moreno Ruiz,J (2448)-Fernandez Garcia,M (2366) Madrid-chT 1617 2016 (11.43)}) ({RR} 9. Nxa3 Be7 10. Bb2 d3 11. Nb5 O-O 12. Ne5 Nb4 13. Rxa7 Rxa7 14. Nxa7 Bd7 15. Qb3 Qb8 16. Nxd7 Nxd7 17. Nb5 Ne5 18. Ba3 Nbc6 19. Bxe7 Nxe7 20. f4 Nd7 21. Qxd3 Rd8 22. Qa3 Nc6 23. d4 Nb6 {1-0 Collas,D (2399)-Tsakiris,H (2268) Sitges Sunway op 3rd 2016 (2)}) 9... Bd7 10. Bxa3 dxe3 11. fxe3 Nd4 12. Qd1 Nxf3+ 13. Bxf3 Bxa3 14. Nxa3 Bc6 15. Nb5 O-O 16. d4 a6 17. Nc3 Bxf3 18. Qxf3 Qc7 19. c5 b6 20. Nb5 Qd7 21. Nd6 bxc5 22. dxc5 Qc7 23. Nb7 Nd5 24. Rab1 Ra7 25. e4 Ne7 26. e5 Nd5 27. c6 Qxc6 28. Rfc1 Qd7 29. Nd6 a5 30. Rc5 a4 31. Rcb5 Qc7 32. Rxd5 exd5 33. Qxd5 Ra5 34. Rb5 Rxb5 35. Qxb5 a3 36. Qe2 Qc1+ 37. Kf2 Qb2 38. Nc4 Qxe2+ 0-1

[Event "IV Niterói Chess Open 2024"]
[Site "Rio de Janeiro"]
[Date "2024.08.29"]
[Round "2"]
[Board "10"]
[White "Ribeiro, Matheus Mendes Domingues"]
[Black "Pereira, Arthur Macedo"]
[Result "1-0"]
[WhiteElo "2244"]
[BlackElo "1940"]
[Annotator "Chessbase"]
[PlyCount "93"]
[EventDate "2024.08.28"]
[EventRounds "7"]
[EventCountry "BRA"]

1. Nf3 {ChessBase II} Nf6 2. g3 d5 3. Bg2 e6 4. O-O Be7 5. c4 O-O 6. b3 d4 7. d3 c5 8. e3 ({RR} 8. e4 Nc6 9. e5 Ng4 10. Bf4 f6 11. exf6 Bxf6 12. h3 e5 13. Bd2 Nh6 14. Bxh6 gxh6 15. Nfd2 Qe8 16. Ne4 Be7 17. Nbd2 Bf5 18. h4 Qg6 19. Kh2 Bg4 20. f3 Bd7 21. Bh3 Bxh3 22. Kxh3 Kh8 {0-1 Agdestein,S (2620)-Hammer,J (2665) Oslo Scandinavian Masters 2015 (3)}) 8... Nc6 9. exd4 cxd4 10. Re1 Qc7 $146 ({RR} 10... h6 11. a3 a5 12. Bb2 Re8 13. Nbd2 Bf8 14. Ne5 Nxe5 15. Rxe5 Nd7 16. Rb5 e5 ({RR} 16... Nc5 17. Ne4 Na6 18. b4 Nc7 19. Rxa5 Rxa5 20. bxa5 Na6 21. Nd2 e5 22. Nb3 Qc7 23. Bc1 Bd7 24. Rb1 Bc6 25. Qe2 Bxg2 26. Kxg2 Qd7 27. Qf3 f5 28. Qd5+ Qxd5+ 29. cxd5 Rd8 30. f4 exf4 31. Nxd4) 17. Bxb7 Bxb7 18. Rxb7 Nc5 19. Rb5 Nxd3 20. Qc2 ({RR} 20. Qb1 Nc5 21. Ne4) 20... Nc5 21. b4 axb4 22. axb4 Rxa1+ 23. Bxa1 Na6 24. c5 e4 25. Qc4 {0-1 Genereau,T (1867)-Le Goff,R (2204) Sautron W op 02nd 2014 (1)}) ({RR} 10... a5 11. Bb2 Qb6 12. Na3 a4 13. Nb5 a3 14. Bc1 Ne8 15. Rb1 Bd7 16. Qe2 Nc7 17. Nxc7 Qxc7 18. Bf4 Bd6 19. Ne5 Ra5 20. b4 Nxb4 21. c5 Bxc5 22. Rec1 Qd8 23. Rxc5 Rxc5 24. Rxb4 Bc8 25. h4) ({RR} 10... Re8 11. Ba3 Nd7 12. Qd2 a5 13. Bxe7 Qxe7 14. Qb2 Nc5 15. Rd1 e5 16. Ne1 Bf5 17. Na3 e4 18. dxe4 Bxe4 19. Nb5 Bxg2 20. Nxg2 Rad8 21. Nf4 d3 22. a3 Ne5 23. Nc3 Qf6 24. Rab1 Qf5 25. h4 {½-½ Pal,R (2142)-Gourlay,I (2307) Sheffield Masters 2024 (6.2)}) ({RR} 10... Re8 11. Ba3 a5 12. Bxe7 Rxe7 13. Na3 e5 14. Nb5 h6 15. a3 Bf5 16. Qd2 e4 17. dxe4 Nxe4 18. Qf4 Bh7 19. Nfxd4 Nxd4 20. Bxe4 Bxe4 21. Rxe4 Nxb3 22. Rae1 Rxe4 23. Qxe4 Nc5 24. Qe7 b6 25. Nd6 {1-0 Kostiukov,A (2271)-Clawitter,C (2050) Titled Tue 7th Feb Early 2023 (5)}) ({RR} 10... Ne8 11. a3 a5 12. Nbd2 f6 13. Rb1 Nc7 14. Bh3 Rb8 15. Qe2 e5 16. Bxc8 Qxc8 17. Nh4 f5 18. Ndf3 Bd6 19. c5 Bxc5 20. Nxe5 Nb5 21. Qf3 Nc3 22. Bf4 Nxe5 23. Bxe5 Nxb1 24. Qd5+ Kh8 25. Bxb8 {1-0 Skuratov,V-Kichubaev,K (2439) RUS-chT Clubs sf 2005 (7)}) 11. Na3 e5 12. Nb5 Qb8 13. Qe2 Bb4 14. Ba3 Bxa3 15. Nxa3 Re8 16. Nc2 Bf5 17. Qd2 a5 18. Nh4 Bd7 19. a3 Qc7 20. b4 a4 21. Rab1 h6 22. Nf3 Bf5 23. Re2 Rad8 24. b5 Nb8 25. Rbe1 Nbd7 26. Nb4 Bg4 27. h3 Bh5 28. g4 Bg6 29. Qc2 e4 30. dxe4 Nc5 31. Qd1 Ncxe4 32. Nd2 Nc3 33. Rxe8+ Rxe8 34. Rxe8+ Nxe8 35. Qf3 Nd6 36. Nd5 Nxd5 37. Qxd5 d3 38. b6 Qe7 39. c5 Qe1+ 40. Kh2 Qxd2 41. cxd6 Qf4+ 42. Kg1 Qc1+ 43. Bf1 Qc8 44. d7 Qd8 45. Bxd3 Bxd3 46. Qd4 Kf8 47. Qd6+ 1-0

[Event "IV Niterói Chess Open 2024"]
[Site "Rio de Janeiro"]
[Date "2024.08.31"]
[Round "5"]
[Board "15"]
[White "Nascimento, Nicolas Daniel Trindade"]
[Black "Guimaraes, Wagner Peixoto"]
[Result "0-1"]
[WhiteElo "1928"]
[BlackElo "2119"]
[Annotator "Chessbase"]
[PlyCount "70"]
[EventDate "2024.08.28"]
[EventRounds "7"]
[EventCountry "BRA"]

1. Nf3 Nf6 2. b3 d5 3. Bb2 e6 4. g3 Be7 5. Bg2 O-O 6. O-O Nbd7 7. c4 c6 8. d3 Re8 9. Nbd2 Bf8 10. Qc2 ({RR} 10. e4 dxe4 11. Nxe4 Qc7 12. Nxf6+ Nxf6 13. Ne5 Bd7 14. Qe2 Red8 15. Rfd1 Be8 16. d4 Rac8 17. Rac1 Qb6 18. Nd3 Be7 19. Nf4 Qa6 20. a3 Bd6 21. Qe3 Bxf4 22. Qxf4 Nd7 23. Qg4 Nf6 24. Qh4 Nd7 {½-½ Tomashevsky,E (2408)-Pushkov,N (2561) RUS-ch 54th Elista 2001 (1)}) 10... a5 11. a3 h6 $146 ({RR} 11... b5 12. Bc3 Bb7 13. b4 bxc4 14. dxc4 axb4 15. axb4 c5 16. b5 d4 17. Bb2 e5 18. Nb3 Be4 19. Qd2 Nb6 20. Na5 Qd7 21. Rfc1 h6 22. Ne1 Bxg2 23. Nxg2 Qh3 24. f3 e4 25. Rf1 Bd6 26. Rac1 {0-1 Uksini,B (1969)-Pretterhofer,K (2017) Styrian op-A 2013 (7)}) ({RR} 11... Qe7 12. d4 g6 13. Rae1 b5 14. e4 bxc4 15. bxc4 Ba6 16. Re3 Bh6 17. e5 Nh5 18. Rb3 c5 19. Rd1 cxd4 20. Bxd4 Rec8 21. Rc3 Ng7 22. cxd5 exd5 23. Qa2 Qe6 24. Ne1 Qg4 25. Nef3 Bxd2 26. Qxd2 {1-0 Baillon,O (2217)-Kyriakidis,O (1794) 17th Paleochora Open 2024 (3.17)}) ({RR} 11... b5 12. e4 bxc4 13. bxc4 dxe4 14. dxe4 e5 15. Rfe1 Qc7 16. h3 Rb8 17. Bc3 Nc5 18. Rab1 Rxb1 19. Rxb1 Nfd7 20. Bf1 Bd6 21. Kg2 Qd8 22. Rd1 a4 23. Be2 Qe7 24. Nh4 g6 25. Nhf3 h6 26. Bb2 {½-½ May,A (1951)-May,F (2096) Dyfed op 47th 2018 (2)}) 12. e3 b6 13. Rab1 Ba6 14. b4 e5 15. bxa5 bxa5 16. Rfc1 e4 17. dxe4 dxe4 18. Nd4 Nc5 19. Nxc6 Qd6 20. Nd4 Rac8 21. Rd1 Nd3 22. Nxe4 Nxe4 23. Rxd3 Rxc4 24. Qd1 Rcc8 25. Nb5 Qg6 26. a4 Nc5 27. Rd4 Nxa4 28. Rxa4 Bxb5 29. Rxa5 Be2 30. Qxe2 Qxb1+ 31. Bf1 Rc2 32. Qb5 Rd8 33. Bd4 Qe1 34. Qf5 Rc1 35. Qd3 Qxa5 0-1